000 00504nam a2200205Ia 4500
003 LK-CoDNM
008 010623t1919 xxu||||| |||| 00| 1 eng d
040 _aLK-CoDNM
_dLK-CoDNM
_eLK-CoDNM
041 _aeng
080 _a50
_bC8
100 _aMendis,J.G.C.
245 _aLays of Ancient Lanka other Poems
260 _bBoys Industrial Home
_aWellawaththa
_c1919
300 _b22P., 20 cm
650 _aEhelapola
650 _aKashapa
650 _aKuveni
650 _aSiri Sangabo
942 _cBK
999 _c89677
_d89677